أساسيات التسويق الحديث / (Record no. 14099)
[ view plain ]
| 000 -LEADER | |
|---|---|
| fixed length control field | 01123nam a22002417a 4500 |
| 008 - FIXED-LENGTH DATA ELEMENTS--GENERAL INFORMATION | |
| fixed length control field | 100616t xxu||||| |||| 00| 0 eng d |
| 082 ## - DEWEY DECIMAL CLASSIFICATION NUMBER | |
| Edition number | 22 |
| Classification number | 658.8 |
| Item number | ع ط ي |
| 100 ## - MAIN ENTRY--PERSONAL NAME | |
| 9 (RLIN) | 13672 |
| Personal name | عطيه، طاهر مرسى |
| 245 ## - TITLE STATEMENT | |
| Title | أساسيات التسويق الحديث / |
| Statement of responsibility, etc | طاهر مرسي عطيه |
| 260 ## - PUBLICATION, DISTRIBUTION, ETC. (IMPRINT) | |
| Place of publication, distribution, etc | [د.م] : |
| Name of publisher, distributor, etc | [د.ن] ، |
| Date of publication, distribution, etc | 2004 |
| 300 ## - PHYSICAL DESCRIPTION | |
| Extent | 497 ص : |
| Other physical details | صور ؛ |
| Dimensions | 23 سم |
| 500 ## - GENERAL NOTE | |
| General note | إهداء: د. سماء عطيه |
| 650 ## - SUBJECT ADDED ENTRY--TOPICAL TERM | |
| 9 (RLIN) | 14739 |
| Topical term or geographic name as entry element | التسويق |
| 650 ## - SUBJECT ADDED ENTRY--TOPICAL TERM | |
| 9 (RLIN) | 14738 |
| Topical term or geographic name as entry element | الإعلان |
| 650 ## - SUBJECT ADDED ENTRY--TOPICAL TERM | |
| 9 (RLIN) | 14816 |
| Topical term or geographic name as entry element | الاستهلاك |
| 650 ## - SUBJECT ADDED ENTRY--TOPICAL TERM | |
| 9 (RLIN) | 14820 |
| Topical term or geographic name as entry element | الاستراتيجية التنافسية |
| 650 ## - SUBJECT ADDED ENTRY--TOPICAL TERM | |
| 9 (RLIN) | 14817 |
| Topical term or geographic name as entry element | الأسعار |
| 650 ## - SUBJECT ADDED ENTRY--TOPICAL TERM | |
| 9 (RLIN) | 14818 |
| Topical term or geographic name as entry element | الأسواق |
| 650 ## - SUBJECT ADDED ENTRY--TOPICAL TERM | |
| 9 (RLIN) | 14819 |
| Topical term or geographic name as entry element | المجمعات الاستهلاكية |
| 942 ## - ADDED ENTRY ELEMENTS (KOHA) | |
| Source of classification or shelving scheme | Dewey Decimal Classification |
| Item type | Book - Borrowing |
| Withdrawn status | Item status | Source of classification or shelving scheme | Damaged status | Not for loan | Vendor | Home library | Current library | Shelving location | Date acquired | Source of acquisition | Total Checkouts | Full call number | Barcode | Date last seen | Koha item type | Materials specified (bound volume or other part) |
|---|---|---|---|---|---|---|---|---|---|---|---|---|---|---|---|---|
| Dewey Decimal Classification | Central Library | Central Library | First floor | 16/06/2010 | Donation | 658.8 عطي | 000020403 | 15/07/2025 | Book - Borrowing | |||||||
| Lost | Dewey Decimal Classification | Central Library | Central Library | First floor | 16/06/2010 | 658.8 عطي | 000020402 | 01/07/2011 | Book - Borrowing | Lost In Inventory_2015-8-23 |